|
|
|
|
| LEADER |
00000nam a22000007a 4500 |
| 005 |
20191005005037.0 |
| 007 |
cr|||| |||| |
| 008 |
191005s2019 pe |||||s|||| 00||0 spa d |
| 020 |
|
|
|a 9786139108213
|
| 035 |
|
|
|a 29370
|
| 040 |
|
|
|a vLex
|
| 090 |
|
|
|c 9732
|d 9732
|
| 100 |
1 |
|
|a Vildoso Cabrera, Erick Daniel
|
| 245 |
1 |
0 |
|a Funciones jurisdiccionales de la Comunidad Campesina de Cuyumalca
|h [Recurso electrn̤ico] /
|c Erick Daniel Vildoso Cabrera, Geraldine Morillo Cueva
|
| 256 |
|
|
|a Servicio en ln̕ea
|
| 260 |
|
|
|a Lima:
|b Editorial Acadm̌ica Espaǫla,
|c 2019
|
| 300 |
|
|
|a 1 recurso electrn̤ico
|
| 500 |
|
|
|a Este libro le ofrece una visin̤ analt̕ica de la actuacin̤ jurisdiccional realizada en las comunidades campesinas, la cual en ocasiones tiende a estar en conflicto con la legislacin̤ nacional. Conozca con nosotros la problemt̀ica generada por el choque de dos cosmovisiones del mundo jurd̕ico. El derecho consuetudinario ancestral contra el derecho positivo occidental, han dado lugar a un amplio debate sobre la posible vulneracin̤ de los derechos a la vida y a la libertad individual, debido al accionar justiciero de los comuneros . Se focaliz ̤como marco espacial Cuyumalca – Cajamarca, por ser la regin̤ considerada cuna de las rondas campesinas. Por l︢timo, procuramos por una cultura de paz social, a travš de la consolidacin̤ de la polt̕ica de justicia intercultural, en un pas̕ tan diverso como el Per.︢
|
| 506 |
1 |
|
|a Disponible solo en los productos indicados
|d vLex Global
|d vLex Global (Academic Edition, excluding Law Schools)
|d vLex Global (U.S. Academic Edition, Law Schools)
|d vLex Global (U.S. Academic Edition, excluding Law Schools)
|d vLex Global (Academic Edition, Law Schools)
|
| 650 |
0 |
4 |
|a Derecho Pb︢lico y Administrativo
|z Per︢
|
| 700 |
1 |
|
|a Morillo Cueva, Geraldine
|
| 740 |
0 |
|
|a vLex Libros (Servicio en ln̕ea)
|
| 856 |
4 |
0 |
|u http://vlex.com/source/29370
|z Acceso restringido
|
| 942 |
|
|
|c BOOK
|
| 999 |
0 |
|
|a Public and Administrative Law
|